Представление документа в формате RUSMARC

Поле Инд. ПП Название Значение
Тип записи a
Библиографический уровень a
001 Контрольный номер 92bdc0a51a864d46a05b98f06765886c
005 Дата корректировки 20230619142437.4
100 a Данные общей обработки 20230302 ||| 0rusy0189 ca
101 0_ a Язык текста rus
102 a Страна публикации RU
200 1_ f Первые сведения об ответственности В.К. Андрианов
a Заглавие Условно-досрочное освобождение от отбывания наказания: закономерности и проблемы применения
b Общее обозначение материала Текст
203 a Вид содержания Текст : электронный
210 1_ d Дата издания 2023
300 a Общие примечания Чтение статьи доступно в Источнике
336 a Примечание о виде электронного ресурса PDF
461 _0 1 2000
a Российское правосудие
463 _0 1 2000
a № 2
b Электронный ресурс
v С. 72-81
1 2101
d 2023
1 0014f30955a52c44ea282a6911cf77049f3
606 a Основная рубрика Право. Юридические науки
x Основная подрубрика Уголовное право
x Основная подрубрика Уголовно-исполнительное право
610 0_ a Ключевые слова СУДЕБНАЯ ПРАКТИКА
a Ключевые слова УГОЛОВНАЯ ОТВЕТСТВЕННОСТЬ
a Ключевые слова ОСВОБОЖДЕНИЕ УСЛОВНО-ДОСРОЧНОЕ
a Ключевые слова РГУП.
700 _1 a Фамилия Андрианов
b Имя В.К.
801 _0 a Страна RU
b Организация РГУП
c Дата составления 20230302
g Правила каталогизации PSBO
801 _1 a Страна RU
b Организация РГУП
c Дата составления 20230302
g Правила каталогизации PSBO
901 t Тип документа b
w Контрольный № источника 4f30955a52c44ea282a6911cf77049f3
905 a Дата ввода 20230302
952 k Публикации кафедры Уголовного права